| 000 | 00647nam a2200217Ia 4500 | ||
|---|---|---|---|
| 999 |
_c37947 _d37947 |
||
| 001 | 3929 | ||
| 003 | GE_BSU | ||
| 005 | 20190911163242.0 | ||
| 008 | 181216s2002||||ge |||||||||||||| ||geo|| | ||
| 040 | _cGE_BSU | ||
| 041 | _ageo | ||
| 080 | _a372.3 დ–71 | ||
| 100 |
_aდოლიძე, თ. _91949 |
||
| 245 | _aსაბავშვო ბაღი "ია" . | ||
| 264 |
_aბათუმი : _bალიონი, _c2002. |
||
| 300 |
_a63 გვ. ; _b20 სმ. |
||
| 541 | _h2 ლ. | ||
| 653 | _aპედაგოგიკა | ||
| 700 |
_aმეგრელიშვილი, ო. _eავტორი _93964 |
||
| 942 |
_cBK _2udc |
||